01235nam a2200373Ia 4500001000900000003000500009005001700014008004100031010001100072020001800083040000900101082002200110100002900132245009400161260003500255300001100290503000700301505009000308590001900398650002100417650002100438650002100459650002200480650002100502650002300523650002200546700004300568901002200611902000600633905006300639942001500702999001900717952012500736dia_5275CHAP20251027144635.0220117s2002 xx 000 0 und d a176184 a84-315-2900-8 cCHAP a641.8652 S77 2002 aStrada, Annalisa9158068 aEl gran libro de los postres /c Annalisa Strada ; traducción Sonia Afuera Fernández aEspaña :b De Vecchi,c2002 a223 p. aC. aUn librillo de Glosario Culinario Español Mexicano del Grand Sergio Díaz de Vivar aTX772 S77 2002 aBakery 9153749 aDesserts9158069 aDulces 9155530 aGalletas 944431 aHelados 953406 aPasteles 9158070 aPostres 9157184 aAfuera Fernández, Sonia, tr.9158071 a641.8652 S77 2002 aM a5232272002 sp d 8222113312spa16 cLIBRO2ddc c176184d176184 00102ddc40708GRALaIA_bIA_c1d2022-01-18f1l10pdia_007592r2026-02-04 18:40:57s2026-02-04t1w2022-01-18yLIBRO